000 01109nam0a22002531 4500
001 rc\780821
005 20250622131321.0
035 _a(NLR Aleph) 006306753
090 _a7308952
_c7308952
100 _a20040301d1983 |||y0rusy50 ca
101 0 _arus
102 _aRU
105 _aa |||||||||
200 1 _aПланирование, создание и обслуживание задач как одна из основных функций операционной системы
_eУчеб. пособие для студентов спец. 0647 - "Прикл. математика"
210 _aМ.
_cМИНХиГП
_d1983
215 _a55 с.
_cил.
_d20
300 _aВ надзаг.: М-во высш. и сред. спец. образования СССР, Моск. ин-т нефтехим. и газовой пром-сти им. И.М. Губкина, Каф. прикл. математики
320 _aБиблиогр.: с. 54
700 1 _aБалуева
_bГ.В.
801 0 _aRU
_bNLR
_gpsbo
801 1 _aRU
_bELAR
_2rusmarc
852 _aNLR
_j84-4/19767
942 _cBOOK
980 _aNB